00624nam a22001817a 450000500170000001000150001702000260003202000230005803500130008103700130009408200140010710000230012124501080014426000450025227000630029730000310036050000510039120140422122954.0 aENG-109237 c895.00a9780198096603 c895.00a0198096607 aEN-92770 bDBAD/PUB a362.10954 aSehrawat, Samiksha aColonial medical care in north India :cby Samiksha Sehrawatbgender, state and society, c. 1840-1920 / bOxford University Pressc2013aNew Delhi bNew Delhie110001aYMCA Library Building, 1 Jai Singh Road alii,292p.c23cm(Hb)  aIncludes bibliographical references and index